Quiz o PKP Intercity - Statystyki

Ogólne statystyki
  • Ten quiz został rozwiązany 32 razy
  • Średni wynik to 9 z 16
Statystyki odpowiedzi
Wskazówka Odpowiedź % Poprawnych
Obecne kategorie pociągów Express InterCity
80%
Obecne kategorie pociągów InterCity
80%
Obecne kategorie pociągów Twoje Linie Kolejowe
80%
Siedziba PKP Intercity Warszawa
80%
PKP Intercity ma 116 sztuk tych lokomotyw, czyli najwięcej ze wszystkich EU07 | EP07
76%
Obecne kategorie pociągów Express InterCity Premium
76%
Rok powstania 2001
68%
Identyfikator literowy PKPIC
64%
Główna lokomotywownia i wagonownia przewoźnika Warszawa Grochów
60%
Pociągi którymi są uruchamiane pociągi trzeciej od góry kategorii Pendolino
48%
Jako jedyny przewoźnik w Polsce posiada wagony...? Sypialne
48%
Była nazwa ostatniego Tanie Linie Kolejowe
44%
Prezes przedsiębiorstwa Janusz Malinowski
36%
Od jakiego przewoźnika PKP Intercity wynajmuję najwięcej lokomotyw? Cargounit
28%
Najdłuższa relacja InterCity "Przemyślanin"
24%
Najkrótsza relacja TLK "Sarbsko" | TLK "Gardno"
8%
Nie znaleziono quizów pasujących do podanych kryteriów
Rozkład punktacji
Procent ludzi z każdym wynikiem
Percentyl według liczby udzielonych odpowiedzi
Twoja historia wyników
Nie rozwiązałeś tego quizu